| 000 | 01854nam a22003974a 4500 | ||
|---|---|---|---|
| 001 | ebr10116444 | ||
| 003 | CaPaEBR | ||
| 006 | m u | ||
| 007 | cr cn||||||||| | ||
| 008 | 031117s2004 ne a sb 101 0 eng | ||
| 010 | _z 2003115502 | ||
| 020 | _z1586034022 | ||
| 040 |
_aCaPaEBR _cCaPaEBR |
||
| 035 | _a(OCoLC)559967180 | ||
| 050 | 1 | 4 |
_aRA1220.3 _b.T73 2004eb |
| 082 | 0 | 4 |
_a615.9 _222 |
| 245 | 0 | 0 |
_aToxicogenomics and proteomics _h[electronic resource] / _cedited by James J. Valdes and Jennifer W. Sekowski. |
| 260 |
_aAmsterdam ; _aWashington, DC : _bIOS Press, _cc2004. |
||
| 300 |
_aviii, 207 p. : _bill. |
||
| 490 | 1 |
_aNATO science series. Series I, Life and behavioural sciences, _x1566-7693 ; _vv. 356 |
|
| 500 | _a"Published in cooperation with NATO Scientific Affairs Division." | ||
| 500 | _a"Proceedings of the NATO Advanced Research Workshop on Toxicogenomics and Proteomics, 16-20 October 2002, Prague, Czech Republic"--T.p. verso. | ||
| 504 | _aIncludes bibliographical references and indexes. | ||
| 533 |
_aElectronic reproduction. _bPalo Alto, Calif. : _cebrary, _d2013. _nAvailable via World Wide Web. _nAccess may be limited to ebrary affiliated libraries. |
||
| 650 | 0 |
_aMolecular toxicology _vCongresses. |
|
| 650 | 0 |
_aGenomics _vCongresses. |
|
| 650 | 0 |
_aProteomics _vCongresses. |
|
| 650 | 0 |
_aGenetic toxicology _vCongresses. |
|
| 655 | 7 |
_aElectronic books. _2local |
|
| 700 | 1 | _aValdes, James J. | |
| 700 | 1 | _aSekowski, Jennifer W. | |
| 710 | 2 | _aebrary, Inc. | |
| 711 | 2 |
_aNATO Advanced Research Workshop on Toxicogenomics and Proteomics _d(2002 : _cPrague, Czech Republic) |
|
| 830 | 0 |
_aNATO science series. _nSeries I, _pLife and behavioural sciences ; _vv. 356. |
|
| 856 | 4 | 0 |
_uhttp://site.ebrary.com/lib/rucke/Doc?id=10116444 _zAn electronic book accessible through the World Wide Web; click to view |
| 999 |
_c208713 _d208713 |
||